America by First and Last Letters Blitz Quiz Stats

 Plays Quiz Updated Jun 1, 2018

Score 0/35 Timer 01:00
1 Play Today
% Correct
Cuba
98.4%
Colombia
98.2%
Canada
98.1%
Costa Rica
98.1%
United States of America
96.3%
Mexico
95.1%
Brazil
88.9%
Argentina
88.5%
Antigua and
Barbuda
86.9%
Chile
82.6%
Guatemala
79.7%
Guyana
79.5%
Grenada
79.3%
Panama
77.4%
Ecuador
77%
El Salvador
76.8%
Peru
76.3%
Uruguay
74.1%
% Correct
Bolivia
73.6%
Paraguay
72.9%
Haiti
69.6%
Venezuela
66.8%
Nicaragua
66.3%
Dominican Republic
65.1%
Honduras
64.7%
Belize
64.6%
Suriname
55.6%

Jamaica
.
.
55.4%

Bahamas
.
48.3%

Barbados
.
48.3%
St. Vincent
& Gren.
47.1%
.Dominica.
46.1%
Saint
Kitts
and
Nevis
46.1%
Trinidad
and
Tobago
41.4%
Saint Lucia
39.4%

You're not logged in!

Compare scores with friends on all Sporcle quizzes.
OR
Log In

You Might Also Like...

Show Comments

Extras

Top Quizzes Today


Score Distribution

Your Account Isn't Verified!

In order to create a playlist on Sporcle, you need to verify the email address you used during registration. Go to your Sporcle Settings to finish the process.

Report this User

Report this user for behavior that violates our Community Guidelines.

Details: